Crecimiento económico
Gespeichert in:
| 1. Verfasser: | |
|---|---|
| Format: | Buch |
| Sprache: | Spanisch |
| Veröffentlicht: |
Madrid
Pearson educación
2006
|
| Schlagworte: | |
| Tags: |
Tag hinzufügen
Keine Tags, Fügen Sie den ersten Tag hinzu!
|
MARC
| LEADER | 00000nam a2200000 a 4500 | ||
|---|---|---|---|
| 001 | UCI0446 | ||
| 003 | CL-VaPUC | ||
| 008 | 070511e20060000SP |||||||||||||||||spa|d | ||
| 020 | |a 9788478290796 | ||
| 082 | 0 | 4 | |a 330.155 |b WEI |2 21 |
| 100 | 0 | |a Weil, David N |e author |9 520567 | |
| 245 | 1 | 0 | |a Crecimiento económico |
| 300 | |a 569 p | ||
| 942 | |c BK | ||
| 945 | |d 20070511 00:00:00 |a jtorresc | ||
| 260 | |a Madrid |b Pearson educación |c 2006 | ||
| 650 | 0 | |a Crecimiento económico |9 314037 | |
| 650 | 0 | |a Desarrollo económico |9 259599 | |
| 650 | 0 | |a Política económica |9 255029 | |
| 650 | 0 | |a Países en desarrollo |9 259663 | |
| 583 | |a last modification |c 20130305 10:59:28 |k Rodrigo Vera | ||
| 999 | |c 325600 |d 325598 | ||
| 952 | |0 0 |1 0 |4 0 |6 330_155000000000000_WEI_2006 |7 0 |8 A |9 406632 |a BIBENE |b BIBENE |d 2019-11-22 |i 4337530 |o 330.155 WEI 2006 |p 4337530 |r 2025-01-15 |w 2019-11-22 |y BK |k ICO | ||